Fun with Sunbonnet Sue / Terrece Beesley and Trice Boerens.
Record details
- ISBN: 9781564772688
- ISBN: 1564772683
- Physical Description: 127 pages : color illustrations ; 28 cm.
- Publisher: Bothell, Wa. : Martingale, ©1999.
Content descriptions
| General Note: | On cover: That Patchwork Place. |
Search for related items by subject
| Subject: | Appliqué > Patterns. Quilts. |
| LDR | 01126nam a22003494a 4500 | ||
|---|---|---|---|
| 001 | 147069 | ||
| 003 | CONS | ||
| 005 | 20180511095314.0 | ||
| 008 | 990111s1999 waua 000 0 eng | ||
| 010 | . | ‡a 99010299 | |
| 020 | . | ‡a9781564772688 ‡q(softcover) | |
| 020 | . | ‡a1564772683 ‡q(softcover) | |
| 035 | . | ‡a(CPomAG)LMN606138 | |
| 042 | . | ‡apcc | |
| 050 | 0 | 0. | ‡aTT779 ‡b.B43 1999 |
| 082 | 0 | 0. | ‡a746.44/5 ‡221 |
| 100 | 1 | . | ‡aBeesley Terrece. |
| 245 | 1 | 0. | ‡aFun with Sunbonnet Sue / ‡cTerrece Beesley and Trice Boerens. |
| 246 | 3 | 0. | ‡aSunbonnett Sue |
| 260 | . | ‡aBothell, Wa. : ‡bMartingale, ‡c©1999. | |
| 300 | . | ‡a127 pages : ‡bcolor illustrations ; ‡c28 cm. | |
| 336 | . | ‡atext ‡btxt ‡2rdacontent | |
| 337 | . | ‡aunmediated ‡bn ‡2rdamedia | |
| 338 | . | ‡avolume ‡bnc ‡2rdacarrier | |
| 500 | . | ‡aOn cover: That Patchwork Place. | |
| 650 | 0. | ‡aAppliqué ‡vPatterns. | |
| 650 | 0. | ‡aQuilts. | |
| 700 | 1 | . | ‡aBoerens, Trice. |
| 710 | 2 | . | ‡aThat Patchwork Place, Inc. |
| 914 | . | ‡aSCP_kt | |
| 959 | . | ‡i32269001061434 ‡l746.44 Bee ‡aAdult - Nonfiction ‡tNonFiction ‡g25.00 | |
| 852 | . | ‡p32269001061434 ‡j746.44 Bee ‡gAdult - Nonfiction ‡cNonFiction ‡y25.00 ‡bSBPL | |
| 901 | . | ‡a147069 ‡bUnknown ‡c147069 ‡tbiblio | |